[Event "Dhaka Sheikh Russel op"]
[Site "Dhaka"]
[Date "2021.10.24"]
[Round "6"]
[White "Harikrishnan, A."]
[Black "Solodovnichenko, Yuri"]
[Result "1/2-1/2"]
[WhiteElo "2429"]
[BlackElo "2577"]
[PlyCount "41"]
[EventDate "2021.10.19"]
[EventType "swiss"]
[EventRounds "9"]
[EventCountry "BAN"]
[SourceTitle "CBM 204 Extra"]
[Source "ChessBase"]
[SourceDate "2021.11.30"]
[SourceVersion "1"]
[SourceVersionDate "2021.11.30"]
[SourceQuality "1"]

1. d4 Nf6 2. c4 e6 3. Nf3 Bb4+ 4. Bd2 Qe7 5. e3 b6 6. Bd3 Bb7 7. 0-0 0-0 8. Nc3 c5 9. a3 Ba5 10. dxc5 bxc5 11. Nd5 exd5 12. Bxa5 dxc4 13. Bxc4 d5 14. Bd3 Nbd7 15. b4 Ne4 16. bxc5 Ndxc5 17. Be2 Qf6 18. Nd4 Ba6 19. Rc1 Bxe2 20. Nxe2 Qa6 21. Bb4 1/2-1/2

[Event "Dhaka Sheikh Russel op"]
[Site "Dhaka"]
[Date "2021.10.22"]
[Round "4"]
[White "Harikrishnan, A."]
[Black "Sourath, Biswas"]
[Result "1/2-1/2"]
[WhiteElo "2429"]
[BlackElo "2270"]
[PlyCount "125"]
[EventDate "2021.10.19"]
[EventType "swiss"]
[EventRounds "9"]
[EventCountry "BAN"]
[SourceTitle "CBM 204 Extra"]
[Source "ChessBase"]
[SourceDate "2021.11.30"]
[SourceVersion "1"]
[SourceVersionDate "2021.11.30"]
[SourceQuality "1"]

1. d4 Nf6 2. c4 g6 3. Nc3 Bg7 4. e4 d6 5. Nf3 0-0 6. Be2 e5 7. Be3 Nbd7 8. 0-0 Qe7 9. Qc2 c6 10. d5 c5 11. Nd2 Kh8 12. Kh1 Ng8 13. g4 f5 14. exf5 gxf5 15. gxf5 Nh6 16. Bd3 Nf6 17. Bg5 Qf7 18. f4 Qh5 19. fxe5 Nfg4 20. Nde4 Bxe5 21. Bf4 Bxf5 22. Qd2 Bxe4+ 23. Nxe4 Rxf4 24. Rxf4 Nxh2 25. Qxh2 Qxh2+ 26. Kxh2 Bxf4+ 27. Kg2 Rg8+ 28. Kf3 Be5 29. Rh1 Rf8+ 30. Ke2 Nf5 31. Rh3 Nd4+ 32. Ke3 Bf4+ 33. Kf2 h6 34. b3 Kg7 35. Ke1 Kf7 36. Nf2 Rg8 37. Kf1 Ke7 38. Be4 a6 39. Nd3 Bg5 40. Ne1 Rf8+ 41. Kg2 Ne2 42. Nd3 Nc3 43. Bf3 Nxa2 44. Rh1 Nc3 45. Re1+ Kd7 46. b4 cxb4 47. c5 a5 48. cxd6 Rxf3 49. Kxf3 Kxd6 50. Re6+ Kxd5 51. Rb6 Kc4 52. Ne5+ Kb3 53. Rxb7 Ka2 54. Nc6 b3 55. Nxa5 b2 56. Nc4 b1Q 57. Rxb1 Kxb1 58. Nd6 Nd5 59. Kg4 Kc2 60. Kh5 Nf4+ 61. Kg4 Kd3 62. Nf7 Ne6 63. Kh5 1/2-1/2

[Event "IND-ch U25 26th"]
[Site "Port Blair"]
[Date "2017.07.16"]
[Round "6"]
[White "Harikrishnan, A."]
[Black "Abhijith, M."]
[Result "1/2-1/2"]
[WhiteElo "1759"]
[BlackElo "2008"]
[PlyCount "69"]
[EventDate "2017.07.13"]
[EventType "swiss"]
[EventRounds "9"]
[EventCountry "IND"]
[SourceTitle "EXT 2018"]
[Source "ChessBase"]
[SourceDate "2017.10.13"]
[SourceVersion "1"]
[SourceVersionDate "2017.10.13"]
[SourceQuality "1"]

1. d4 Nf6 2. c4 e5 3. dxe5 Ne4 4. Nd2 Bb4 5. Ngf3 Nc6 6. g3 Qe7 7. Bg2 Nxe5 8. 0-0 Nxd2 9. Bxd2 Bxd2 10. Qxd2 0-0 11. Rac1 d6 12. Nxe5 Qxe5 13. e3 a5 14. Qd4 Re8 15. Rfd1 a4 16. c5 Qxd4 17. Rxd4 dxc5 18. Rxc5 c6 19. Bf1 a3 20. b3 g6 21. h4 h5 22. Bd3 Bg4 23. Kg2 Red8 24. Rcc4 Be6 25. Ra4 b5 26. Rxa8 Rxa8 27. Bb1 c5 28. Rd6 b4 29. Kf3 Rc8 30. Ke2 c4 31. bxc4 Rxc4 32. Kd2 Rc7 33. Rb6 Rd7+ 34. Kc1 Rc7+ 35. Kd2 1/2-1/2

[Event "IND-ch U25 26th"]
[Site "Port Blair"]
[Date "2017.07.14"]
[Round "2"]
[White "Harikrishnan, A."]
[Black "Jayakumaar, S."]
[Result "0-1"]
[WhiteElo "1759"]
[BlackElo "2173"]
[PlyCount "114"]
[EventDate "2017.07.13"]
[EventType "swiss"]
[EventRounds "9"]
[EventCountry "IND"]
[SourceTitle "EXT 2018"]
[Source "ChessBase"]
[SourceDate "2017.10.13"]
[SourceVersion "1"]
[SourceVersionDate "2017.10.13"]
[SourceQuality "1"]

1. d4 Nf6 2. Nf3 e6 3. c4 Bb4+ 4. Bd2 c5 5. Bxb4 cxb4 6. g3 b6 7. Bg2 Bb7 8. a3 Qe7 9. 0-0 0-0 10. Nbd2 bxa3 11. Rxa3 d6 12. Qa1 a6 13. b4 Nbd7 14. Rc1 e5 15. Nxe5 dxe5 16. Bxb7 Ra7 17. dxe5 Nxe5 18. Nf3 Neg4 19. Bd5 Qxb4 20. h3 Nxd5 21. cxd5 Nf6 22. Rxa6 Rxa6 23. Qxa6 Nxd5 24. Qd3 Nf6 25. Rb1 Qc5 26. e4 h6 27. e5 Qd5 28. Qe2 Ne4 29. Qe3 Rc8 30. Rxb6 Rc2 31. Ne1 Rc3 32. Rb8+ Kh7 33. Qe2 Qxe5 34. Rb4 f5 35. Rb5 Qd4 36. Nf3 Qd7 37. Rb2 Qc6 38. h4 Nxg3 39. fxg3 Rxf3 40. Kh2 Rc3 41. Qg2 Qg6 42. Rc2 Rxc2 43. Qxc2 f4 44. Qf2 fxg3+ 45. Qxg3 Qxg3+ 46. Kxg3 Kg6 47. Kg4 Kf7 48. Kf4 g6 49. Kf3 Ke7 50. Ke3 Kf8 51. Ke4 Ke8 52. Ke3 Ke7 53. Kf3 Kd6 54. Kf4 Kd5 55. Kf3 Ke5 56. Ke3 Kf5 57. Kf3 h5 0-1